000
00340pam a2200157a 44500
008
230515b1979 xxu||||| |||| 00| 0 eng d
020
_a
NULL
041
_a
ENGLISH
082
_a
630
100
_a
UDONATH ALONE
245
_a
EVER FLOWERING KRISHNAMURTI
250
_a
0
260
_a
PUNE
_b
N/A
_c
1979
300
_a
268
650
_a
NULL
999
_c
651285
_d
651285